Universidad Autónoma de Occidente

Ingeniería de Control/ (Record no. 10730)

MARC details
000 -CABECERA
campo de control de longitud fija 03241cam a22003134i 4500
008 - DATOS DE LONGITUD FIJA--INFORMACIÓN GENERAL
campo de control de longitud fija 260325b mx ||||| |||| 00| 0 spa d
020 ## - ISBN
Número Internacional Estándar del Libro 9701506367
040 ## - FUENTE DE CATALOGACIÓN
Centro catalogador/agencia de origen ITMILPAALTA
Lengua de catalogación Español
Centro/agencia transcriptor TecNM
Normas de descripción rda
041 ## - CÓDIGO DE IDIOMA
Código de idioma del texto Español
Código de idioma original Inglés
050 00 - SIGNATURA TOPOGRÁFICA DE LA BIBLIOTECA DEL CONGRESO
Número de clasificación TJ212
Cutter .B65
Año 2001
100 ## - ENTRADA PRINCIPAL--NOMBRE DE PERSONA
Nombre de persona Bolton William
9 (RLIN) 2271
Término indicativo de función/relación Autor
245 00 - MENCIÓN DEL TÍTULO
Título Ingeniería de Control/
Mención de responsabilidad, etc. William Bolton
250 ## - MENCION DE EDICION
Mención de edición 2a. Edicion
260 3# - PUBLICACIÓN, DISTRIBUCIÓN, ETC.
Lugar de publicación México:
Nombre del editor Alfaomega,
Fecha de publicación 2002.
300 ## - DESCRIPCIÓN FÍSICA
Extensión 397 Páginas.
Otras características físicas Ilustraciones
Dimensiones 19.5 x 26 cm.
504 ## - NOTA DE BIBLIOGRAFÍA
Nota de bibliografía William Bolton es un ingeniero, docente y autor británico especializado en ingeniería eléctrica, electrónica y sistemas de control. Fue profesor en el Buckingham Chilterns University College y trabajó en la industria aeronáutica antes de dedicarse a la educación técnica.<br/>Colaboró con el BTEC (Business and Technician Education Council) en el Reino Unido, donde dirigió proyectos de desarrollo curricular, y fue consultor internacional para la UNESCO y el gobierno británico en países como Brasil, Argentina y Tailandia.<br/>Es autor de numerosos libros técnicos ampliamente utilizados en la formación de ingenieros, destacándose por su enfoque práctico y pedagógico. Entre sus obras más conocidas están Mechatronics, Engineering Science y Ingeniería de Control.
505 ## - TABLA DE CONTENIDO
Tabla de contenido Sistemas de control<br/>Modelos de sistemas<br/>Respuesta del sistema<br/>Transformadas de Laplace<br/>Modelos de sistemas dinámicos<br/>Modelos mediante diagramas de bloques<br/>El error en estado estable<br/>Polos, ceros, estabilidad<br/>Análisis del lugar geométrico de las raíces<br/>Controladores<br/>Respuesta en frecuencia<br/>Equipo básico de un sistema de control<br/>Control de procesos discretos<br/>Control digital directo<br/>La transformada z<br/>Apéndice: MATLAB<br/>Respuestas a los problemas<br/>Índice
520 ## - RESUMEN
Resumen El libro ofrece una introducción clara y práctica a los sistemas de control automático, enfocada en estudiantes de ingeniería que no necesariamente tienen una formación matemática avanzada.<br/>Comienza explicando los fundamentos de los sistemas en lazo abierto y cerrado, la retroalimentación, y cómo representar sistemas físicos (mecánicos, eléctricos, térmicos) mediante modelos matemáticos y funciones de transferencia.<br/>Luego, introduce herramientas clave como la transformada de Laplace, los diagramas de bloques, y analiza la respuesta del sistema (estabilidad, error, polos y ceros). También cubre el diseño y ajuste de controladores PID, el análisis por frecuencia (Bode y Nyquist) y el lugar geométrico de las raíces.<br/>Finalmente, aborda el control digital (usando transformada Z), el uso de PLCs y microprocesadores en automatización, y ofrece un apéndice con aplicaciones en MATLAB.
526 ## - PROGRAMA DE ESTUDIO
Nombre del programa Ingenieria en Sistemas Computacionales
526 ## - PROGRAMA DE ESTUDIO
Nombre del programa Ingenieria en Gestion Empresarial
526 ## - PROGRAMA DE ESTUDIO
Nombre del programa Ingeniería Bioquímica
526 ## - PROGRAMA DE ESTUDIO
Nombre del programa Ingenieria en Industrias Alimentarias
650 #0 - PUNTO DE ACCESO ADICIONAL DE MATERIA--TÉRMINO DE MATERIA
Término de materia Ingeniería en tecnologias de la información y comunicaciones
9 (RLIN) 585
650 #0 - PUNTO DE ACCESO ADICIONAL DE MATERIA--TÉRMINO DE MATERIA
Término de materia Ingeniería mecánica
9 (RLIN) 582
650 #0 - PUNTO DE ACCESO ADICIONAL DE MATERIA--TÉRMINO DE MATERIA
Término de materia Ingeniería logística
9 (RLIN) 583
650 #0 - PUNTO DE ACCESO ADICIONAL DE MATERIA--TÉRMINO DE MATERIA
Término de materia Ingeniería en gestión empresarial
9 (RLIN) 584
942 ## - ELEMENTOS DE ENTRADA SECUNDARIOS (KOHA)
Fuente del sistema de clasificación o colocación Clasificación LC, Biblioteca del Congreso
Suprimir en OPAC No
Tipo de ítem Koha Libro
945 ## - CATALOGADORES
Número del Creador del Registro 1262
Nombre del Creador del Registro José Antonio Albarrán Galván
Número de último modificador del registro 1262
Nombre del último modificador del registro José Antonio Albarrán Galván
Holdings
Estatus retirado Estado de pérdida Fuente del sistema de clasificación o colocación Estado de daño Restricciones de uso No para préstamo Biblioteca de origen Biblioteca actual Ubicación en estantería Fecha de adquisición Total de préstamos Signatura topográfica completa Código de barras Visto por última vez Copia número Tipo de ítem Koha
    Clasificación LC, Biblioteca del Congreso   Acceso restringido   CI Milpa Alta CI Milpa Alta GEN 25/03/2026   TJ212 .B65 2001 MILPAALTA26030033 25/03/2026 ej 1 Libro

Libros electrónicos

eLibro eLibro

Recursos de investigación libres

image host image host image host image host image host image host image host image host image host image host

Recursos informativos



TecNM | Tecnológico Nacional de México

© 2025 by Biblionexus